Enciclopedia limbii române

Bibliographic Details
Main Author: Avram, Mioara (Author)
Format: Book
Language:Romanian, Moldovan
PhysicalDescription:634 s. 24 cm
Published: Bucureşti Univers Enciclopedic 2001
ISBN:9738240530
Subjects:

MARC

LEADER 00000nam a2200000 a 4500
001 vtls001446520
003 SK-MaSNL
005 20260301073007.0
008 021213sm y0 RO r 0 rum
020 |a 9738240530  |c [[1400,00] 
035 |a SNK000401769 
040 |a SNK  |b slo  |c SNK  |e AACR2 
044 |a RO 
072 7 |a 811.135  |x Balkánske románske jazyky  |2 konspekt 
080 |a 811.135.1  |2 1981 
080 |a (031)  |2 1981 
245 1 |a Enciclopedia limbii române  |c de Mioara Avram ... [et al.] 
260 |a Bucureşti  |b Univers Enciclopedic  |c 2001 
300 |a 634 s.  |c 24 cm 
650 0 7 |a rumunčina  |2 SNK  |9 1517 
655 7 |a encyklopédie  |2 SNK  |9 28776 
700 1 |a Avram, Mioara  |4 aut  |9 393369 
919 |a 973-8240-53-0 
999 |c 642811  |d 644741 
952 |t P60, <04>, [BOOK], {604}  |a SNK  |b SNK  |y VYP  |7 0  |p 17A0374225  |o snkIC 130599  |i snkV 381/2003  |0 0  |1 0  |4 0  |d 2003-02-18  |l 0  |r 2005-01-02 00:00:00  |w 2026-02-23